Atlanta Falcons Schedule 2022/2023 - Statistics

General Stats
  • This quiz has been taken 19 times
  • The average score is 11 of 18
Answer Stats
Week Falcons Opponent % Correct
1 Falcons vs Saints
100%
7 Falcons at Bengals
73%
2 Falcons at Rams
73%
11 Falcons vs Bears
67%
13 Falcons vs Steelers
67%
6 Falcons vs 49ers
60%
4 Falcons vs Browns
60%
5 Falcons at Buccaneers
60%
18 Falcons vs Buccaneers
60%
9 Falcons vs Chargers
60%
12 Falcons at Commanders
60%
8 Falcons vs Panthers
60%
10 Falcons at Panthers
60%
3 Falcons at Seahawks
60%
14 Falcons Bye
53%
15 Falcons at Saints
53%
17 Falcons vs Cardinals
47%
16 Falcons at Ravens
47%
No matching quizzes found
Score Distribution
Percent of People with Each Score
Percentile by Number Answered
Your Score History
You have not taken this quiz